000 003590000a22001450004500
003 MACL
040 _aMACL
090 _c2442
_d2442
100 _aMetcalf, Thomas R.
245 _aThe New Cambridge History Of India
_bIdeologies Of The Raj
260 _aNew Delhi
_bFoundation Books Pvt,
_c1995
350 _a295
650 _aIndian History
942 _cBOOK
_k954
999 _c2424
_d2424